| 000 | 00446nam a2200181Ia 4500 | ||
|---|---|---|---|
| 001 | 28196 | ||
| 003 | IN-NITTTR | ||
| 005 | 20251114233349.0 | ||
| 008 | 251113s9999||||xx |||||||||||||| ||eng|| | ||
| 040 | _beng | ||
| 040 | _cIN-NITTTR | ||
| 041 | _aeng | ||
| 082 | _a371.9 S64E | ||
| 100 | _aDolly Singh, Deshprabhu | ||
| 245 | 0 |
_aHandbook of special education / _cDolly Singh, Deshprabhu, Suchitra |
|
| 700 | _a Suchitra, | ||
| 942 |
_2ddc _cBK |
||
| 999 |
_c30824 _d30824 |
||